[Event "Pocos de Caldas op"]
[Site "Pocos de Caldas"]
[Date "2014.10.31"]
[Round "3"]
[White "Matsuura, Frederico"]
[Black "Barbosa, Evandro Amorim"]
[Result "0-1"]
[WhiteElo "2289"]
[BlackElo "2449"]
[PlyCount "56"]
[EventDate "2014.10.30"]
[EventType "swiss"]
[EventRounds "7"]
[EventCountry "BRA"]
[SourceTitle "EXT 2015"]
[Source "ChessBase"]
[SourceDate "2014.11.20"]
[SourceVersion "1"]
[SourceVersionDate "2014.11.20"]
[SourceQuality "1"]

1. d4 Nf6 2. Bg5 Ne4 3. Bf4 c5 4. f3 Nf6 5. d5 Nh5 6. Be3 e5 7. Nc3 d6 8. g4
Nf4 9. Bf2 Be7 10. h4 h5 11. e3 Ng6 12. g5 Nd7 13. Qd2 a6 14. O-O-O b5 15. f4
Nb6 16. b3 b4 17. Ne4 a5 18. Ng3 c4 19. f5 Nf8 20. bxc4 Nfd7 21. e4 Qc7 22. c5
Nxc5 23. Bb5+ Bd7 24. Bxc5 Qxc5 25. Bxd7+ Kxd7 26. Nf3 b3 27. axb3 Qa3+ 28. Kb1
Na4 0-1

[Event "Pocos de Caldas op"]
[Site "Pocos de Caldas"]
[Date "2014.10.31"]
[Round "4"]
[White "Barbosa, Evandro Amorim"]
[Black "Carneiro, Vitor Roberto Castr"]
[Result "1-0"]
[WhiteElo "2449"]
[BlackElo "2214"]
[PlyCount "113"]
[EventDate "2014.10.30"]
[EventType "swiss"]
[EventRounds "7"]
[EventCountry "BRA"]
[SourceTitle "EXT 2015"]
[Source "ChessBase"]
[SourceDate "2014.11.20"]
[SourceVersion "1"]
[SourceVersionDate "2014.11.20"]
[SourceQuality "1"]

1. e4 e5 2. Nf3 Nf6 3. Nc3 Bb4 4. Nxe5 O-O 5. Nd3 Bxc3 6. dxc3 Nxe4 7. Be2 d5
8. O-O Nd6 9. Nf4 c6 10. Re1 Re8 11. Be3 Bf5 12. Bd4 Nd7 13. Nh5 f6 14. Qd2 Ne5
15. Ng3 Ne4 16. Nxe4 Bxe4 17. f3 Bg6 18. Bf1 Nc4 19. Rxe8+ Qxe8 20. Qc1 Qe7 21.
a4 c5 22. Bf2 Re8 23. b3 Ne5 24. Qd2 Rd8 25. Re1 Qf8 26. Rd1 Qe7 27. Qe2 b6 28.
Rd2 Nc6 29. Qd1 Bf7 30. Bb5 Qc7 31. Bf1 Qc8 32. Bd3 Re8 33. Bb5 Rd8 34. f4 a6
35. Be2 d4 36. cxd4 Nxd4 37. Bf1 a5 38. Kh1 f5 39. Bxd4 cxd4 40. Rxd4 Rxd4 41.
Qxd4 g6 42. Bd3 Qc5 43. Qxc5 bxc5 44. Kg1 Kf8 45. Kf2 Ke7 46. Ke3 Kd6 47. Kd2
Bd5 48. g3 c4 49. Bxc4 Bxc4 50. bxc4 Kc5 51. Kc3 h6 52. h3 g5 53. h4 gxf4 54.
gxf4 h5 55. Kd3 Kb4 56. Kd4 Kxa4 57. Kc3 1-0

[Event "Pocos de Caldas op"]
[Site "Pocos de Caldas"]
[Date "2014.11.01"]
[Round "5"]
[White "Matsuura, Everaldo"]
[Black "Barbosa, Evandro Amorim"]
[Result "1/2-1/2"]
[WhiteElo "2486"]
[BlackElo "2449"]
[PlyCount "25"]
[EventDate "2014.10.30"]
[EventType "swiss"]
[EventRounds "7"]
[EventCountry "BRA"]
[SourceTitle "EXT 2015"]
[Source "ChessBase"]
[SourceDate "2014.11.20"]
[SourceVersion "1"]
[SourceVersionDate "2014.11.20"]
[SourceQuality "1"]

1. e4 c5 2. Nf3 e6 3. c3 Nf6 4. e5 Nd5 5. d4 cxd4 6. cxd4 b6 7. Nc3 Bb7 8. Bd3
Na6 9. O-O Nab4 10. Be2 Be7 11. Bd2 O-O 12. a3 Nxc3 13. bxc3 1/2-1/2

[Event "Pocos de Caldas op"]
[Site "Pocos de Caldas"]
[Date "2014.11.01"]
[Round "6"]
[White "Rodrigues, Edgar"]
[Black "Barbosa, Evandro Amorim"]
[Result "0-1"]
[WhiteElo "2303"]
[BlackElo "2449"]
[PlyCount "82"]
[EventDate "2014.10.30"]
[EventType "swiss"]
[EventRounds "7"]
[EventCountry "BRA"]
[SourceTitle "EXT 2015"]
[Source "ChessBase"]
[SourceDate "2014.11.20"]
[SourceVersion "1"]
[SourceVersionDate "2014.11.20"]
[SourceQuality "1"]

1. d4 e6 2. Nf3 Nf6 3. e3 c5 4. Bd3 d5 5. c3 Nc6 6. O-O Bd6 7. Nbd2 O-O 8. dxc5
Bxc5 9. e4 Qc7 10. Qe2 h6 11. Bc2 Bb6 12. Kh1 Bd7 13. h3 Nh5 14. Nb3 dxe4 15.
Qxe4 f5 16. Qh4 Be8 17. Qc4 Bf7 18. Qe2 Nf4 19. Bxf4 Qxf4 20. Qd2 Qc7 21. Nfd4
Rad8 22. f4 g6 23. Qf2 e5 24. fxe5 Qxe5 25. Rad1 Bd5 26. Qf4 Qxf4 27. Rxf4 Ne5
28. Ne2 Be3 29. Ra4 Bc6 30. Rxd8 Rxd8 31. Rb4 Nd3 32. Bxd3 Rxd3 33. Kh2 Rd1 34.
Nbd4 Be4 35. Kg3 Rf1 36. Nf3 Rf2 37. Ned4 f4+ 38. Kh2 Bxd4 39. Rxd4 Bxf3 40.
Rxf4 Rxg2+ 41. Kh1 Bc6 0-1

[Event "Imbituba op"]
[Site "Imbituba"]
[Date "2014.11.07"]
[Round "1"]
[White "Barbosa, Evandro Amorim"]
[Black "De Pieri, Herik Soares"]
[Result "1-0"]
[WhiteElo "2450"]
[BlackElo "1728"]
[PlyCount "55"]
[EventDate "2014.11.07"]
[EventType "swiss"]
[EventRounds "6"]
[EventCountry "BRA"]
[SourceTitle "CBM 163 Extra"]
[Source "ChessBase"]
[SourceDate "2014.12.23"]
[SourceVersion "1"]
[SourceVersionDate "2014.12.23"]
[SourceQuality "1"]

1. e4 e6 2. d4 d5 3. Nc3 Nf6 4. e5 Nfd7 5. f4 c5 6. Nf3 Nc6 7. Be3 a6 8. Qd2
Be7 9. Be2 Qc7 10. O-O cxd4 11. Nxd4 Nxd4 12. Bxd4 f6 13. exf6 Nxf6 14. Bd3 Bc5
15. Ne2 O-O 16. Rae1 Bd7 17. Kh1 Rac8 18. c3 Bxd4 19. Nxd4 Qd6 20. Nf3 Ng4 21.
Ne5 Nxe5 22. Rxe5 Rf6 23. Qe3 Rcf8 24. Qd4 h6 25. h4 Bb5 26. c4 Bxc4 27. Bxc4
Qb4 28. Rxd5 1-0

[Event "Imbituba op"]
[Site "Imbituba"]
[Date "2014.11.07"]
[Round "2"]
[White "Matsuura, Frederico"]
[Black "Barbosa, Evandro Amorim"]
[Result "1/2-1/2"]
[WhiteElo "2289"]
[BlackElo "2450"]
[PlyCount "183"]
[EventDate "2014.11.07"]
[EventType "swiss"]
[EventRounds "6"]
[EventCountry "BRA"]
[SourceTitle "CBM 163 Extra"]
[Source "ChessBase"]
[SourceDate "2014.12.23"]
[SourceVersion "1"]
[SourceVersionDate "2014.12.23"]
[SourceQuality "1"]

1. d4 Nf6 2. Nf3 g6 3. c4 Bg7 4. Nc3 d5 5. e3 O-O 6. Qb3 e6 7. Be2 b6 8. cxd5
exd5 9. O-O Bb7 10. Rd1 Nbd7 11. Bd2 Re8 12. Rac1 c6 13. Be1 Bf8 14. Na4 Ne4
15. Nd2 Nd6 16. Rc2 Nf5 17. Bd3 Qf6 18. Nc5 Bc8 19. Na6 Bd6 20. Rdc1 Bb7 21.
Nc5 Nxc5 22. dxc5 Bc7 23. Nf3 Nh4 24. Nxh4 Qxh4 25. g3 Qe7 26. Bc3 b5 27. a4 a6
28. Bd4 Bc8 29. Qc3 Bg4 30. Ra1 Reb8 31. Bh8 Qf8 32. Qd4 h5 33. b4 bxa4 34.
Rxa4 Bd1 35. Bf6 Bxc2 36. Bxc2 a5 37. e4 dxe4 38. Bxe4 axb4 39. Rxa8 Rxa8 40.
Qxb4 Ra5 41. Qb7 Bd8 42. Bd4 Be7 43. Qxc6 Bxc5 44. Bc3 Ra3 45. Qf6 Kh7 46. Bb2
Rb3 47. Qe5 f5 48. Bd5 Rb6 49. Bc3 Be7 50. Kg2 Rd6 51. Bb4 Rxd5 52. Qxe7+ Qxe7
53. Bxe7 Kg8 54. Bg5 Kf7 55. h4 Ke6 56. Kf3 Rd4 57. Ke3 Ra4 58. Bh6 Kd5 59. Kf3
Re4 60. Bg5 Rb4 61. Bh6 Rc4 62. Ke3 Ra4 63. Kf3 Kd4 64. Bg5 Ke5 65. Bh6 Ra3+
66. Kg2 Ke4 67. Bg5 Rd3 68. Bh6 Kd4 69. Bg5 Kc3 70. Kf1 Kc2 71. Ke2 Rd4 72. Ke3
Re4+ 73. Kf3 Kd1 74. Bh6 Ke1 75. Be3 Rc4 76. Bb6 f4 77. gxf4 Kd2 78. Ba7 Kd3
79. Bb6 Rb4 80. Bc5 Rb1 81. Be7 Kd4 82. f5 gxf5 83. Kf4 Rb5 84. Kg5 Ke4 85.
Kxh5 Kf3 86. Kg6 Kxf2 87. h5 f4 88. h6 Kg2 89. h7 Rb8 90. Bd6 Rh8 91. Bxf4 Rxh7
92. Kxh7 1/2-1/2

[Event "Imbituba op"]
[Site "Imbituba"]
[Date "2014.11.08"]
[Round "3"]
[White "Barbosa, Evandro Amorim"]
[Black "Fier, Alexandr"]
[Result "0-1"]
[WhiteElo "2450"]
[BlackElo "2590"]
[PlyCount "68"]
[EventDate "2014.11.07"]
[EventType "swiss"]
[EventRounds "6"]
[EventCountry "BRA"]
[SourceTitle "CBM 163 Extra"]
[Source "ChessBase"]
[SourceDate "2014.12.23"]
[SourceVersion "1"]
[SourceVersionDate "2014.12.23"]
[SourceQuality "1"]

1. e4 c5 2. Nf3 e6 3. d3 Nc6 4. g3 g6 5. Bg2 Bg7 6. O-O Nge7 7. c3 O-O 8. d4 d6
9. Re1 cxd4 10. cxd4 Qb6 11. d5 Bxb2 12. Bxb2 Qxb2 13. Nbd2 Na5 14. Qa4 Qb6 15.
Rac1 e5 16. Rc3 Qd8 17. Rec1 b6 18. Qa3 Kg7 19. Rc7 Ng8 20. Bf1 Nf6 21. Bb5 a6
22. Ba4 Nb7 23. Qb2 Nc5 24. Qxb6 Nxa4 25. Qc6 Nc5 26. Nxe5 Bh3 27. Rxc5 dxc5
28. Qb7 Rb8 29. Rxf7+ Rxf7 30. Qxf7+ Kh8 31. f4 Qf8 32. Qa7 Rb2 33. Nec4 Rxa2
34. d6 Ng4 0-1

[Event "Imbituba op"]
[Site "Imbituba"]
[Date "2014.11.08"]
[Round "4"]
[White "Daneri, Martin"]
[Black "Barbosa, Evandro Amorim"]
[Result "0-1"]
[WhiteElo "2127"]
[BlackElo "2450"]
[PlyCount "86"]
[EventDate "2014.11.07"]
[EventType "swiss"]
[EventRounds "6"]
[EventCountry "BRA"]
[SourceTitle "CBM 163 Extra"]
[Source "ChessBase"]
[SourceDate "2014.12.23"]
[SourceVersion "1"]
[SourceVersionDate "2014.12.23"]
[SourceQuality "1"]

1. e4 e6 2. d3 d5 3. Qe2 Nf6 4. Nf3 c5 5. g3 Nc6 6. Bg2 Be7 7. O-O O-O 8. Re1
b5 9. Nbd2 a5 10. a4 bxa4 11. Rxa4 Ba6 12. e5 Nd7 13. c4 Nb4 14. b3 Nb6 15.
Rxa5 Nxc4 16. Nxc4 dxc4 17. Rxa6 Rxa6 18. dxc4 Qd3 19. Bf1 Qxb3 20. Bg5 Nc6 21.
Qe4 Rd8 22. Rb1 Qa3 23. Rb7 Re8 24. Rc7 Nd4 25. Rxe7 Rxe7 26. Nxd4 cxd4 27.
Bxe7 Qxe7 28. Qxd4 g6 29. h4 Qc7 30. Kh2 Ra8 31. Qd6 Qxd6 32. exd6 Kf8 33. g4
Ke8 34. Kg3 Kd7 35. Kf4 Kxd6 36. Be2 Ra2 37. Ke3 Ke5 38. f4+ Kd6 39. Bd3 Rh2
40. Kd4 Rxh4 41. c5+ Kc7 42. Be2 f5 43. Ke5 fxg4 0-1

[Event "Imbituba op"]
[Site "Imbituba"]
[Date "2014.11.09"]
[Round "5"]
[White "Barbosa, Evandro Amorim"]
[Black "Dall Orsoletta, Alaize"]
[Result "1-0"]
[WhiteElo "2450"]
[BlackElo "1807"]
[PlyCount "49"]
[EventDate "2014.11.07"]
[EventType "swiss"]
[EventRounds "6"]
[EventCountry "BRA"]
[SourceTitle "CBM 163 Extra"]
[Source "ChessBase"]
[SourceDate "2014.12.23"]
[SourceVersion "1"]
[SourceVersionDate "2014.12.23"]
[SourceQuality "1"]

1. e4 c5 2. Nf3 d6 3. d4 cxd4 4. Nxd4 a6 5. c4 Nf6 6. Nc3 e6 7. Be2 Be7 8. O-O
Qc7 9. Be3 Nbd7 10. Qd2 b6 11. f3 Bb7 12. a4 O-O 13. a5 bxa5 14. Nb3 Rab8 15.
Nxa5 Ba8 16. Rfc1 Nc5 17. b4 Rxb4 18. Nb5 axb5 19. Qxb4 bxc4 20. Qxc4 Nfd7 21.
Nb3 Rc8 22. Nxc5 Nxc5 23. Ra3 Bb7 24. Ra7 Qc6 25. Qb5 1-0

[Event "Imbituba op"]
[Site "Imbituba"]
[Date "2014.11.09"]
[Round "6"]
[White "Barbosa, Evandro Amorim"]
[Black "Disconzi da Silva, Rodrigo"]
[Result "0-1"]
[WhiteElo "2450"]
[BlackElo "2360"]
[PlyCount "112"]
[EventDate "2014.11.07"]
[EventType "swiss"]
[EventRounds "6"]
[EventCountry "BRA"]
[SourceTitle "CBM 163 Extra"]
[Source "ChessBase"]
[SourceDate "2014.12.23"]
[SourceVersion "1"]
[SourceVersionDate "2014.12.23"]
[SourceQuality "1"]

1. e4 c5 2. Nf3 e6 3. d4 cxd4 4. Nxd4 a6 5. Bd3 Bc5 6. Nb3 Ba7 7. O-O d6 8. Qe2
Ne7 9. c4 O-O 10. Nc3 e5 11. Be3 Bxe3 12. Qxe3 Be6 13. Rfd1 Nd7 14. Be2 Qb8 15.
Rd2 Nc8 16. Rad1 Qa7 17. Qg3 Nf6 18. Qh4 Qb8 19. Rd3 Qc7 20. Rg3 Qe7 21. Qg5
Ne8 22. Qxe7 Nxe7 23. Na4 Nf6 24. Nb6 Rad8 25. Re3 Nc6 26. f3 Nd7 27. Nd5 Nc5
28. Bf1 Rb8 29. Nxc5 dxc5 30. Rb3 Rfd8 31. Rb6 Kf8 32. Rd3 Rd7 33. Rdb3 Nd4 34.
Ra3 Rc8 35. Ra5 Bxd5 36. exd5 g6 37. b4 cxb4 38. Bd3 f5 39. Rxb4 Rcc7 40. Raa4
Rc5 41. Rb6 a5 42. Ra3 Ke7 43. Bf1 Kd8 44. Re3 Kc7 45. Rb1 b5 46. Rxe5 bxc4 47.
Rc1 Kd6 48. f4 c3 49. Re3 c2 50. Kf2 Rb7 51. g3 Rb2 52. Bg2 Rxa2 53. Rd3 Rc4
54. Ke3 Raa4 55. Kd2 Rab4 56. Bf1 Rc5 0-1

[Event "Itajai JASC Cup 54th"]
[Site "Itajai"]
[Date "2014.11.17"]
[Round "2.3"]
[White "Franceschina, Dalvan Jose"]
[Black "Barbosa, Evandro Amorim"]
[Result "0-1"]
[WhiteElo "1993"]
[BlackElo "2450"]
[PlyCount "72"]
[EventDate "2014.11.16"]
[EventType "team-swiss"]
[EventRounds "7"]
[EventCountry "BRA"]
[SourceTitle "EXT 2016"]
[Source "ChessBase"]
[SourceDate "2015.10.08"]
[SourceVersion "1"]
[SourceVersionDate "2015.10.08"]
[SourceQuality "1"]
[WhiteTeam "Chapeco"]
[BlackTeam "Joinville"]
[WhiteTeamCountry "BRA"]
[BlackTeamCountry "BRA"]

1. e4 e6 2. d4 d5 3. exd5 exd5 4. Bd3 Nc6 5. Nf3 Bd6 6. c3 Bg4 7. Be3 Nge7 8.
h3 Bh5 9. Nbd2 Qd7 10. Qc2 Bg6 11. O-O-O O-O-O 12. Nb3 Nf5 13. Bd2 Kb8 14. g4
Nfe7 15. Nh4 Bxd3 16. Qxd3 h5 17. g5 a5 18. Be3 b6 19. f4 Rde8 20. Nf3 f6 21.
Rde1 Nf5 22. Bd2 a4 23. Na1 Na5 24. Nc2 Nc4 25. Nb4 Ng3 26. Ne5 fxe5 27. Qxg3
Nxd2 28. Kxd2 exd4 29. Nd3 dxc3+ 30. bxc3 Re4 31. Re3 Rhe8 32. Rhe1 Qb5 33. Qf3
Qc4 34. f5 Qxa2+ 35. Kd1 Qc4 36. Kd2 a3 0-1

[Event "Itajai JASC Cup 54th"]
[Site "Itajai"]
[Date "2014.11.19"]
[Round "4.3"]
[White "Carstens Dobuchak, Thiago"]
[Black "Barbosa, Evandro Amorim"]
[Result "0-1"]
[WhiteElo "1798"]
[BlackElo "2450"]
[PlyCount "72"]
[EventDate "2014.11.16"]
[EventType "team-swiss"]
[EventRounds "7"]
[EventCountry "BRA"]
[SourceTitle "EXT 2016"]
[Source "ChessBase"]
[SourceDate "2015.10.08"]
[SourceVersion "1"]
[SourceVersionDate "2015.10.08"]
[SourceQuality "1"]
[WhiteTeam "Blumenau"]
[BlackTeam "Joinville"]
[WhiteTeamCountry "BRA"]
[BlackTeamCountry "BRA"]

1. e4 c5 2. Nf3 e6 3. Nc3 d6 4. d4 cxd4 5. Nxd4 Nf6 6. Bd3 Nc6 7. Nxc6 bxc6 8.
O-O Be7 9. Qe2 O-O 10. f4 e5 11. Kh1 exf4 12. Bxf4 Ng4 13. e5 dxe5 14. Bxe5
Nxe5 15. Qxe5 Bd6 16. Qe4 g6 17. Qxc6 Rb8 18. Ne4 Be5 19. Qc5 Bd4 20. Qg5 Rxb2
21. Rad1 Be6 22. Qh6 Bg7 23. Qe3 Qa5 24. a4 Rb4 25. Nf6+ Kh8 26. Bb5 Rb2 27.
Bd7 Rb6 28. Bb5 Bf5 29. Nd7 Re6 30. Qf2 Rc8 31. Nc5 Rf6 32. Nb3 Qc7 33. Nd4 Bd3
34. Qh4 Bxf1 35. Rxf1 Rxf1+ 36. Bxf1 Qd8 0-1

[Event "Brasilia FBX op"]
[Site "Brasilia"]
[Date "2015.02.28"]
[Round "2"]
[White "Coutinho, Sidnei Bissacot"]
[Black "Barbosa, Edinardo Meireles"]
[Result "1/2-1/2"]
[WhiteElo "2083"]
[BlackElo "1716"]
[PlyCount "96"]
[EventDate "2015.02.27"]
[EventType "swiss"]
[EventRounds "5"]
[EventCountry "BRA"]
[SourceTitle "CBM 165 Extra"]
[Source "ChessBase"]
[SourceDate "2015.04.21"]
[SourceVersion "1"]
[SourceVersionDate "2015.04.21"]
[SourceQuality "1"]

1. d4 d5 2. c4 e6 3. Nc3 Nf6 4. Bg5 Nbd7 5. e3 Be7 6. Nf3 c6 7. Rc1 a6 8. Bd3
dxc4 9. Bxc4 b5 10. Bd3 Bb7 11. O-O c5 12. Bxf6 Nxf6 13. dxc5 O-O 14. Ng5 b4
15. Nce4 h6 16. c6 Bc8 17. Nf3 Qc7 18. Bb1 Nxe4 19. Bxe4 a5 20. Bd3 e5 21. Qa4
f5 22. Qb5 Bf6 23. Rfd1 Kh8 24. Bb1 g6 25. Qc5 Be6 26. Rd6 Rfe8 27. Nxe5 Kg7
28. Nc4 Rad8 29. Rxd8 Rxd8 30. b3 Rd5 31. Qb6 Qxb6 32. Nxb6 Rd6 33. e4 Bc3 34.
exf5 gxf5 35. Na4 Rxc6 36. g3 Kf6 37. Kf1 Bd5 38. Ke2 Re6+ 39. Kd3 Be4+ 40. Kc4
Be5 41. Bxe4 fxe4 42. Kb5 Bd4 43. Rc2 Re5+ 44. Ka6 Kf5 45. h3 h5 46. Rc8 Kg6
47. Rc2 Rf5 48. Re2 Bf6 1/2-1/2

[Event "Brasilia FBX op"]
[Site "Brasilia"]
[Date "2015.02.28"]
[Round "3"]
[White "Barbosa, Edinardo Meireles"]
[Black "Cavalcante, Rodrigo Moreira"]
[Result "1/2-1/2"]
[WhiteElo "1716"]
[BlackElo "1966"]
[PlyCount "79"]
[EventDate "2015.02.27"]
[EventType "swiss"]
[EventRounds "5"]
[EventCountry "BRA"]
[SourceTitle "CBM 165 Extra"]
[Source "ChessBase"]
[SourceDate "2015.04.21"]
[SourceVersion "1"]
[SourceVersionDate "2015.04.21"]
[SourceQuality "1"]

1. d4 Nf6 2. c4 g6 3. Nc3 d5 4. cxd5 Nxd5 5. e4 Nxc3 6. bxc3 Bg7 7. Nf3 O-O 8.
Qb3 c5 9. Be3 Qa5 10. Bc4 Nc6 11. O-O a6 12. a4 Qc7 13. Qa2 Bg4 14. Ng5 e6 15.
f3 h6 16. Nxf7 Rxf7 17. fxg4 Rxf1+ 18. Rxf1 cxd4 19. Bxe6+ Kh7 20. Rf7 Qe5 21.
cxd4 Qxe4 22. Bf2 Nxd4 23. Bd5 Qxg4 24. Qd2 Nf5 25. Bxb7 Rb8 26. Qd7 Qc4 27.
Qc7 Qxa4 28. h3 Qd1+ 29. Kh2 Qd6+ 30. g3 Rd8 31. Bxa6 Qd2 32. Kg1 Re8 33. g4
Re1+ 34. Bxe1 Qxe1+ 35. Bf1 Qe3+ 36. Kh2 Kg8 37. Rxg7+ Nxg7 38. Qc4+ Kf8 39.
Qc8+ Ne8 40. Bg2 1/2-1/2

[Event "Brasilia FBX op"]
[Site "Brasilia"]
[Date "2015.03.01"]
[Round "4"]
[White "Baeta, Marcio Netto"]
[Black "Barbosa, Edinardo Meireles"]
[Result "1-0"]
[WhiteElo "2073"]
[BlackElo "1716"]
[PlyCount "49"]
[EventDate "2015.02.27"]
[EventType "swiss"]
[EventRounds "5"]
[EventCountry "BRA"]
[SourceTitle "CBM 165 Extra"]
[Source "ChessBase"]
[SourceDate "2015.04.21"]
[SourceVersion "1"]
[SourceVersionDate "2015.04.21"]
[SourceQuality "1"]

1. e4 c5 2. d4 cxd4 3. Nf3 e6 4. Nxd4 a6 5. g3 Nf6 6. Bg2 Be7 7. Nc3 d6 8. O-O
O-O 9. Be3 Qc7 10. Qe2 Nc6 11. Na4 Nxd4 12. Bxd4 e5 13. Bb6 Qc6 14. b3 Be6 15.
c4 Nd7 16. Be3 Rfc8 17. f4 f6 18. f5 Bf7 19. Rac1 Nc5 20. Nc3 Kh8 21. Kh1 Qe8
22. g4 g5 23. Rf3 Kg7 24. h4 h6 25. Rh3 1-0

[Event "Brasilia FBX op"]
[Site "Brasilia"]
[Date "2015.03.01"]
[Round "5"]
[White "Barbosa, Edinardo Meireles"]
[Black "Maio Guedes, Luis Augusto"]
[Result "0-1"]
[WhiteElo "1716"]
[BlackElo "1807"]
[PlyCount "30"]
[EventDate "2015.02.27"]
[EventType "swiss"]
[EventRounds "5"]
[EventCountry "BRA"]
[SourceTitle "CBM 165 Extra"]
[Source "ChessBase"]
[SourceDate "2015.04.21"]
[SourceVersion "1"]
[SourceVersionDate "2015.04.21"]
[SourceQuality "1"]

1. d4 d5 2. c4 e5 3. cxd5 exd4 4. Qxd4 Nc6 5. Qe4+ Nce7 6. Nc3 Nf6 7. Qa4+ c6
8. dxc6 Nxc6 9. e3 Be7 10. Nf3 Bd7 11. Be2 O-O 12. O-O Ne5 13. Qd1 Qc7 14. Bd2
Nfg4 15. Nd5 Nxf3+ 0-1

[Event "Brasilia Centro Oeste-ch"]
[Site "Brasilia"]
[Date "2015.05.15"]
[Round "1"]
[White "Pompeo, Flavio Sposto"]
[Black "Barbosa, Edinardo Meireles"]
[Result "1-0"]
[WhiteElo "2126"]
[BlackElo "1720"]
[PlyCount "55"]
[EventDate "2015.05.15"]
[EventType "swiss"]
[EventRounds "6"]
[EventCountry "BRA"]
[SourceTitle "CBM 166 Extra"]
[Source "ChessBase"]
[SourceDate "2015.06.18"]
[SourceVersion "1"]
[SourceVersionDate "2015.06.18"]
[SourceQuality "1"]

1. c4 c5 2. g3 g6 3. Bg2 Bg7 4. Nc3 Nf6 5. Nf3 O-O 6. d4 d5 7. dxc5 dxc4 8. Qa4
Nc6 9. Qxc4 Qa5 10. O-O a6 11. e4 Nd7 12. Be3 Nde5 13. Nxe5 Bxe5 14. Rfd1 Be6
15. Nd5 Bxb2 16. Rab1 Qa3 17. Qc2 Bg7 18. Rxb7 Bxd5 19. exd5 Nb4 20. Qc4 a5 21.
Rxe7 Nxa2 22. d6 Rab8 23. Bd5 Nc3 24. Bxf7+ Kh8 25. Re1 Qb2 26. d7 Rb4 27. Qe6
Re4 28. Qd6 1-0

[Event "Brasilia Centro Oeste-ch"]
[Site "Brasilia"]
[Date "2015.05.15"]
[Round "3"]
[White "Barbosa, Edinardo Meireles"]
[Black "Brito, Paulo Roberto Ferr"]
[Result "0-1"]
[WhiteElo "1720"]
[BlackElo "1651"]
[PlyCount "112"]
[EventDate "2015.05.15"]
[EventType "swiss"]
[EventRounds "6"]
[EventCountry "BRA"]
[SourceTitle "CBM 166 Extra"]
[Source "ChessBase"]
[SourceDate "2015.06.18"]
[SourceVersion "1"]
[SourceVersionDate "2015.06.18"]
[SourceQuality "1"]

1. d4 d5 2. c4 e6 3. Nc3 Nf6 4. cxd5 exd5 5. Bg5 Be7 6. e3 O-O 7. Nf3 Be6 8.
Bd3 Nbd7 9. Qc2 h6 10. Bh4 Rc8 11. a3 c5 12. dxc5 Nxc5 13. Be2 Nce4 14. O-O a6
15. Nd4 Nxc3 16. bxc3 Ne4 17. Bxe7 Qxe7 18. c4 b5 19. f3 Nf6 20. Qd2 dxc4 21.
Rfc1 Rfe8 22. Kf2 Bd7 23. a4 Nd5 24. e4 Nc7 25. axb5 axb5 26. Kf1 Qd6 27. g3
Ne6 28. Nb3 Qxd2 29. Nxd2 Nd4 30. Ra7 Red8 31. Kf2 c3 32. Nf1 b4 33. Ne3 Nxe2
34. Kxe2 Bb5+ 35. Ke1 b3 36. Nd5 c2 37. Ne7+ Kf8 38. Nxc8 b2 39. Raa1 Rxc8 40.
Kd2 Ba4 41. Rab1 cxb1=Q 42. Rxb1 Rc2+ 43. Kd3 Rxh2 44. Kc3 Rf2 45. Rxb2 Rxf3+
46. Kd4 Rxg3 47. Ke5 Ke7 48. Rb7+ Bd7 49. Kd5 h5 50. Ke5 h4 51. Kf4 g5+ 52. Ke5
h3 53. Rb1 f6+ 54. Kd4 h2 55. e5 Rg1 56. exf6+ Kxf6 0-1

[Event "Brasilia Centro Oeste-ch"]
[Site "Brasilia"]
[Date "2015.05.15"]
[Round "5"]
[White "Miranda da Silva, Benur Wanderley"]
[Black "Barbosa, Edinardo Meireles"]
[Result "0-1"]
[WhiteElo "1768"]
[BlackElo "1720"]
[PlyCount "96"]
[EventDate "2015.05.15"]
[EventType "swiss"]
[EventRounds "6"]
[EventCountry "BRA"]
[SourceTitle "CBM 166 Extra"]
[Source "ChessBase"]
[SourceDate "2015.06.18"]
[SourceVersion "1"]
[SourceVersionDate "2015.06.18"]
[SourceQuality "1"]

1. e4 c5 2. Nc3 e6 3. f4 d5 4. e5 Nc6 5. Nf3 Nge7 6. g3 Nf5 7. Bg2 Bd7 8. O-O
a6 9. Qe1 b5 10. d3 b4 11. Ne2 Qb6 12. Kh1 Ncd4 13. Nexd4 Nxd4 14. Nxd4 cxd4
15. Bd2 Be7 16. f5 Rc8 17. f6 Bf8 18. Rc1 g6 19. Bf4 Bb5 20. Qf2 Kd7 21. c4
bxc3 22. Rxc3 Rxc3 23. bxc3 Bxd3 24. cxd4 Bxf1 25. Bxf1 Bb4 26. Qb2 Rb8 27. h4
Bf8 28. Qe2 Qb5 29. Qf3 Qb1 30. Kg2 Rb2+ 31. Kh3 Rxa2 32. Bg2 h5 33. Be3 Ra3
34. Qf2 Bb4 35. Qf4 Qd3 36. Bc1 Rb3 37. Bf1 Qf3 38. Qxf3 Rxf3 39. Bxa6 Kc6 40.
Bf4 Ra3 41. Be2 Bc3 42. Be3 Be1 43. Bf4 Bf2 44. Kg2 Bxd4 45. g4 Ra2 46. Kf3
hxg4+ 47. Kxg4 Rxe2 48. Kg5 Bxe5 0-1

[Event "Brasilia Centro Oeste-ch"]
[Site "Brasilia"]
[Date "2015.05.15"]
[Round "6"]
[White "Barbosa, Edinardo Meireles"]
[Black "De Melo, Raissa Vieira"]
[Result "1-0"]
[WhiteElo "1720"]
[BlackElo "1484"]
[PlyCount "99"]
[EventDate "2015.05.15"]
[EventType "swiss"]
[EventRounds "6"]
[EventCountry "BRA"]
[SourceTitle "CBM 166 Extra"]
[Source "ChessBase"]
[SourceDate "2015.06.18"]
[SourceVersion "1"]
[SourceVersionDate "2015.06.18"]
[SourceQuality "1"]

1. d4 d5 2. c4 dxc4 3. Nf3 Nf6 4. e3 e6 5. Bxc4 c5 6. O-O Nc6 7. Nc3 Be7 8.
dxc5 Bxc5 9. a3 Qxd1 10. Rxd1 O-O 11. b4 Be7 12. Bb2 b6 13. Rac1 Bb7 14. Be2
Rfd8 15. h3 Rxd1+ 16. Rxd1 Rd8 17. Rxd8+ Bxd8 18. Bd3 a6 19. Ne4 Nd5 20. Nd6
Ba8 21. Bxa6 Kf8 22. Bd3 h6 23. Nc4 Bc7 24. Nce5 Bb7 25. Nxc6 Bxc6 26. b5 Be8
27. Ne5 f6 28. Nc6 Kf7 29. g3 Bd7 30. e4 Ne7 31. Nxe7 Kxe7 32. Bc3 Bd6 33. a4
Bc5 34. Kg2 Kd6 35. a5 Kc7 36. a6 Be8 37. f4 Bd7 38. Kf3 Bc8 39. g4 Bd7 40. Bc4
Bc8 41. e5 Be7 42. Bd3 f5 43. gxf5 exf5 44. Bc4 g5 45. Bd5 gxf4 46. a7 Bb7 47.
a8=Q Bxa8 48. Bxa8 Bg5 49. Be1 Kd7 50. Bd5 1-0